LEADER 02099nam 2200541 a 450 001 9910458343103321 005 20200520144314.0 010 $a1-281-29165-X 010 $a9786611291655 010 $a1-84714-089-0 035 $a(CKB)1000000000403611 035 $a(EBL)436555 035 $a(OCoLC)560523104 035 $a(SSID)ssj0000184697 035 $a(PQKBManifestationID)11170963 035 $a(PQKBTitleCode)TC0000184697 035 $a(PQKBWorkID)10205165 035 $a(PQKB)10225433 035 $a(MiAaPQ)EBC436555 035 $a(Au-PeEL)EBL436555 035 $a(CaPaEBR)ebr10224905 035 $a(CaONFJC)MIL129165 035 $a(OCoLC)893334065 035 $a(EXLCZ)991000000000403611 100 $a19840410d1984 uy 0 101 0 $aeng 135 $aur|n|---||||| 181 $ctxt 182 $cc 183 $acr 200 10$aIvo Andri$b[electronic resource] $ebridge between East and West /$fCelia Hawkesworth 210 $aLondon ;$aDover, N.H. $cAthlone Press$d1984 215 $a1 online resource (281 p.) 300 $aDescription based upon print version of record. 311 $a0-485-11255-8 320 $aIncludes bibliographical references (p. [262]-267) and index. 327 $aForeword; Contents; Acknowledgements; Note on the Pronunciation of Serbo-Croatian Names; 1 Introduction; 2 Verse; 3 Short Stories; 4 The Novels; 5 Devil's Yard; 6 Essays and Reflective Prose; 7 Conclusion; Notes; Select Bibliography; Index 330 $aThis is the first intoduction in English to the Nobel prize-winning novelist and writer Ivo Andric. The book covers the full range of his work, including verse, essays and reflective prose as well as fiction. Celia Hawkesworth also provides an account of Andric's life, and the cultural history of his native Bosnia. 608 $aElectronic books. 676 $a891.8/235 700 $aHawkesworth$b Celia$f1942-$0881828 801 0$bMiAaPQ 801 1$bMiAaPQ 801 2$bMiAaPQ 906 $aBOOK 912 $a9910458343103321 996 $aIvo Andri$91969523 997 $aUNINA